000 00476pam a2200157a 44500
008 230405s xxu||||| |||| 00| 0 eng d
082 _a
_bLUK
100 _aLukose,Anu
245 _aStudy to assess the Impact of Early and Delayed Antenatal Registration on Outcome of Pregnancy Among Postnatal Mother in Selected Maternity Hospital
260 _a
_b
_c
502 _atext
700 _aJoseph,Jiby
700 _aJesintha,T
700 _aDhanorkar,Pratiksha
906 _a002990
999 _c251482
_d251482